[Event "WTch Senior +50"]
[Site "Prague CZE"]
[Date "2025.02.19"]
[Round "3.1"]
[White "Lesiege, Alexandre"]
[Black "David, Alberto"]
[Result "1/2-1/2"]
[WhiteElo "2504"]
[BlackElo "2467"]
[WhiteFideId "-1"]
[WhiteFideId "-1"]
[PlyCount "54"]
[GameId "524821515369"]
[EventDate "2025.02.17"]
[EventType "team-swiss"]
[EventRounds "9"]
[EventCountry "CZE"]
[SourceTitle "Mega2025 Update 17"]
[Source "Chessbase"]
[SourceDate "2025.02.28"]
[SourceVersion "1"]
[SourceVersionDate "2025.02.28"]
[SourceQuality "1"]
[WhiteTeam "Quebec 50"]
[BlackTeam "Italy 50"]
[WhiteTeamCountry "CAN"]
[BlackTeamCountry "ITA"]

1. e4 c6 2. d4 d5 3. exd5 cxd5 4. Bd3 Nc6 5. c3 Qc7 6. h3 Nf6 {6...e6 is the fancy move. 6...e6 ist der angesagte Zug.} 7. Ne2 g6 8. Bf4 Qb6 9. Qb3 Qd8 10. O-O Bg7 11. Nd2 O-O 12. Nf3 b6 13. Qc2 $146 (13. Ng3 Bb7 14. Rfe1 e6 15. Rad1 Ne7 16. Qc2 Rc8 17. Qd2 Nf5 18. Nxf5 exf5 19. Bh6 {1-0 Naboulet,P (1829)-Roman,R (2078) Vicente Lopez ProAm 100 Years op Buenos Aires 2022 (5)}) 13... Bb7 14. Ng3 Qc8 15. Qe2 Nd7 16. Rfe1 Re8 17. Ne5 Ncxe5 18. dxe5 Nc5 19. Rad1 Ne6 20. Bc1 d4 21. c4 Nc5 22. Bb1 Qc6 23. f4 Rad8 24. b4 Na4 25. Be4 Qc7 26. Bxb7 Qxb7 27. Bd2 Qc6 1/2-1/2

[Event "WTch Senior +50"]
[Site "Prague CZE"]
[Date "2025.02.20"]
[Round "4.1"]
[White "Lesiege, Alexandre"]
[Black "Muir, Andrew"]
[Result "1-0"]
[WhiteElo "2504"]
[BlackElo "2166"]
[WhiteFideId "-1"]
[WhiteFideId "-1"]
[PlyCount "87"]
[GameId "524821515433"]
[EventDate "2025.02.17"]
[EventType "team-swiss"]
[EventRounds "9"]
[EventCountry "CZE"]
[SourceTitle "Mega2025 Update 17"]
[Source "Chessbase"]
[SourceDate "2025.02.28"]
[SourceVersion "1"]
[SourceVersionDate "2025.02.28"]
[SourceQuality "1"]
[WhiteTeam "Quebec 50"]
[BlackTeam "Scotland 50"]
[WhiteTeamCountry "CAN"]
[BlackTeamCountry "SCO"]

1. e4 c5 2. Nf3 Nc6 3. d4 cxd4 4. Nxd4 Nf6 5. Nc3 d6 6. Bg5 e6 7. Qd2 Be7 8. O-O-O O-O {8...a6 is more fashionable. 8...a6 ist modischer.} 9. h4 a6 10. Nxc6 bxc6 11. Rh3 e5 12. Rd3 Be6 13. Rxd6 $146 (13. Bxf6 gxf6 14. f4 Kh8 15. f5 Bc4 16. Rf3 Bxf1 17. Rfxf1 Rg8 18. Qe2 Rg3 19. Rf3 {½-½ Murphy,C (2452)-Muir,A (2225) Kingston-A 2nd Kingston Upon Thames 2023 (1)}) 13... Bxd6 14. Qxd6 Qb6 15. Be3 Qa5 16. Qxc6 Rfc8 17. Qb6 Qxb6 18. Bxb6 Rc6 19. Ba5 Rac8 20. f3 Bc4 21. Bxc4 Rxc4 22. Bb6 h6 23. Rd2 Kf8 24. Nd1 R4c6 25. Ba5 Ke7 26. Ne3 g6 27. b3 Ke6 28. c4 Rd6 29. Nd5 Nxd5 30. exd5+ Kf5 31. Kb2 e4 32. fxe4+ Kxe4 33. Kc3 f5 34. Re2+ Kf4 35. Kd4 g5 36. c5 Rd7 37. hxg5 hxg5 38. d6 g4 39. Re7 Rxe7 40. dxe7 Re8 41. Bd8 Kg3 42. c6 f4 43. c7 Kxg2 44. c8=Q 1-0

[Event "WTch Senior +50"]
[Site "Prague CZE"]
[Date "2025.02.24"]
[Round "7.1"]
[White "Lesiege, Alexandre"]
[Black "Bischoff, Klaus"]
[Result "1/2-1/2"]
[WhiteElo "2504"]
[BlackElo "2432"]
[WhiteFideId "-1"]
[WhiteFideId "-1"]
[PlyCount "60"]
[GameId "524821515541"]
[EventDate "2025.02.17"]
[EventType "team-swiss"]
[EventRounds "9"]
[EventCountry "CZE"]
[SourceTitle "Mega2025 Update 17"]
[Source "Chessbase"]
[SourceDate "2025.02.28"]
[SourceVersion "1"]
[SourceVersionDate "2025.02.28"]
[SourceQuality "1"]
[WhiteTeam "Quebec 50"]
[BlackTeam "Confluentia 50"]
[WhiteTeamCountry "CAN"]
[BlackTeamCountry "GER"]

1. d4 Nf6 2. c4 c5 3. d5 b5 4. cxb5 a6 5. bxa6 g6 6. Nc3 Bg7 7. e4 O-O 8. Nf3 Qa5 9. Bd2 Bxa6 10. Be2 d6 11. O-O Bxe2 {11...Nbd7 is not played anymore. 11...Sbd7 wird inzwischen seltener gespielt.} 12. Qxe2 Qa6 13. Qd1 Nbd7 14. Qc2 Rfb8 15. a4 Qc4 16. Ra3 Ng4 17. b3 Qa6 18. h3 $146 (18. Rb1 Nde5 19. Ne1 h5 20. h3 Nf6 21. f4 Ned7 22. Nf3 Ne8 23. Na2 Nc7 24. Bc1 {1-0 Pavlidou,E (2143)-Zhukova,N (2308) EU-chT (Women) 24th Budva 2023 (5.3)}) 18... Nge5 19. Nxe5 Nxe5 20. Nd1 Qd3 21. Qxd3 Nxd3 22. Ne3 Bb2 23. Ra2 Bd4 24. Rb1 c4 25. Nxc4 Nxf2 26. Bc3 Bc5 27. Rxf2 Rxa4 28. Nd2 Ra2 29. Rbf1 Ba7 30. Nf3 Bxf2+ 1/2-1/2

[Event "WTch Senior +50"]
[Site "Prague CZE"]
[Date "2025.02.25"]
[Round "8.1"]
[White "Titscher, Libor"]
[Black "Lesiege, Alexandre"]
[Result "0-1"]
[WhiteElo "2147"]
[BlackElo "2504"]
[WhiteFideId "-1"]
[WhiteFideId "-1"]
[PlyCount "50"]
[GameId "524821515593"]
[EventDate "2025.02.17"]
[EventType "team-swiss"]
[EventRounds "9"]
[EventCountry "CZE"]
[SourceTitle "Mega2025 Update 17"]
[Source "Chessbase"]
[SourceDate "2025.02.28"]
[SourceVersion "1"]
[SourceVersionDate "2025.02.28"]
[SourceQuality "1"]
[WhiteTeam "Magdeburg TU 50"]
[BlackTeam "Quebec 50"]
[WhiteTeamCountry "GER"]
[BlackTeamCountry "CAN"]

1. c4 e5 2. Nc3 Nf6 3. g3 Bb4 4. Bg2 O-O 5. e4 Bxc3 6. dxc3 d6 7. Ne2 a5 8. a4 Na6 9. O-O Nc5 10. Bg5 h6 11. Bxf6 Qxf6 12. b3 Qg6 13. f3 b6 14. Nc1 Qg5 15. Qe2 Bb7 16. Rb1 Qh5 17. Rb2 f5 18. exf5 Qxf5 19. Qd1 Rf7 20. f4 Bxg2 21. Rxg2 Raf8 22. g4 Qe4 23. Re2 Qg6 24. Qd5 Qxg4+ 25. Rg2 Qe6 0-1

[Event "WTch Senior +50"]
[Site "Prague CZE"]
[Date "2025.02.26"]
[Round "9.1"]
[White "Lesiege, Alexandre"]
[Black "Plotkin, Victor"]
[Result "1/2-1/2"]
[WhiteElo "2504"]
[BlackElo "2259"]
[WhiteFideId "-1"]
[WhiteFideId "-1"]
[PlyCount "27"]
[GameId "524821681348"]
[EventDate "2025.02.17"]
[EventType "team-swiss"]
[EventRounds "9"]
[EventCountry "CZE"]
[SourceTitle "Mega2025 Update 17"]
[Source "Chessbase"]
[SourceDate "2025.02.28"]
[SourceVersion "1"]
[SourceVersionDate "2025.02.28"]
[SourceQuality "1"]
[WhiteTeam "Quebec 50"]
[BlackTeam "Canada 50"]
[WhiteTeamCountry "CAN"]
[BlackTeamCountry "CAN"]

{[%evp 0,27,21,21,21,21,15,8,28,0,-5,-5,4,-3,0,0,8,-29,-6,-14,16,28,14,16,0,0,0,5,-9,-44]} 1. e4 e5 2. Nf3 Nc6 3. Bb5 a6 4. Ba4 Nf6 5. d3 b5 6. Bb3 Bc5 7. O-O {7.0-0 was played by the boomers. 7.0-0 wurden von den Boomern gerne gespielt.} d6 8. c3 O-O 9. a4 Ba7 10. Bg5 h6 $146 (10... Be6 11. Nbd2 Qe7 12. Bd5 Bxd5 13. exd5 Nd8 14. Ne4 Kh8 15. Bxf6 gxf6 16. Nh4 c6 17. Nf5 Qd7 18. Qh5 {1-0 Hansen,S (2557)-Kim,S (2295) Speed Chess Super Swiss Chess.com INT blitz 2020 (3)}) 11. Bxf6 Qxf6 12. Bd5 Bd7 13. Nbd2 Bb6 14. c4 1/2-1/2

[Event "Pere Noel"]
[Site "Montreal CAN"]
[Date "2024.12.27"]
[Round "1.1"]
[White "Lesiege, Alexandre"]
[Black "Berube, Maximilien"]
[Result "1-0"]
[WhiteElo "2577"]
[BlackElo "1893"]
[WhiteFideId "-1"]
[WhiteFideId "-1"]
[PlyCount "89"]
[GameId "2129405228432698"]
[EventDate "2024.12.27"]
[EventType "swiss"]
[EventRounds "5"]
[EventCountry "CAN"]

1. e4 e5 2. Nf3 Nc6 3. Bc4 Nf6 4. d3 h6 5. c3 d6 6. Nbd2 g5 7. h4 g4 8. Nh2 Bg7 9. Ndf1 d5 10. exd5 Nxd5 11. Nxg4 Be6 12. Ng3 Qd7 13. Nh5 O-O-O 14. Nxg7 Bxg4 15. f3 Rdg8 16. fxg4 Rxg7 17. O-O Rhg8 18. Bxd5 Qxd5 19. Qf3 Qd7 20. Bxh6 Rxg4 21. Bg5 Nd8 22. Rae1 Ra4 23. Rxe5 Rxa2 24. Rd5 Qe6 25. Rxd8+ Rxd8 26. Bxd8 Kxd8 27. Qxf7 Qxf7 28. Rxf7 Rxb2 29. h5 Ke8 30. Rxc7 Kf8 31. Kh2 a5 32. Kh3 a4 33. Rc8+ Kg7 34. Ra8 Rd2 35. Rxa4 Rxd3+ 36. Kh4 Rxc3 37. Rb4 Rc7 38. g4 Rd7 39. g5 Rc7 40. h6+ Kh7 41. Kh5 Rc1 42. Rxb7+ Kg8 43. Rb8+ Kf7 44. g6+ Kf6 45. Rf8+ 1-0

[Event "Pere Noel"]
[Site "Montreal CAN"]
[Date "2024.12.28"]
[Round "2.1"]
[White "Saine, Zachary"]
[Black "Lesiege, Alexandre"]
[Result "1/2-1/2"]
[WhiteElo "2075"]
[BlackElo "2577"]
[WhiteFideId "-1"]
[WhiteFideId "-1"]
[PlyCount "70"]
[GameId "2129405228432727"]
[EventDate "2024.12.27"]
[EventType "swiss"]
[EventRounds "5"]
[EventCountry "CAN"]

1. e4 c5 2. Nf3 d6 3. d4 cxd4 4. Nxd4 Nf6 5. Nc3 a6 6. h3 e5 7. Nf3 Be7 8. g4 h6 9. Rg1 b5 10. g5 hxg5 11. Nxg5 Bb7 12. Be3 Nbd7 13. a4 b4 14. Bc4 Rf8 15. Nd5 Rc8 16. Bb3 Bxd5 17. exd5 Qa5 18. Qd3 Nc5 19. Bxc5 Rxc5 20. O-O-O Rc7 21. f4 Nd7 22. Ne4 f5 23. Ng5 Nc5 24. Qf3 Bxg5 25. Rxg5 e4 26. Qh5+ Kd8 27. Kb1 Re7 28. Rxf5 Rfe8 29. Qg5 e3 30. Re5 Kd7 31. Rxe7+ Rxe7 32. Qf5+ Kc7 33. Qf8 Kd7 34. Qf5+ Kc7 35. Qf8 Kd7 1/2-1/2

[Event "Pere Noel"]
[Site "Montreal CAN"]
[Date "2024.12.28"]
[Round "3.5"]
[White "Lesiege, Alexandre"]
[Black "Marchand, Calix"]
[Result "1-0"]
[WhiteElo "2577"]
[BlackElo "1968"]
[WhiteFideId "-1"]
[WhiteFideId "-1"]
[PlyCount "87"]
[GameId "2129405228432780"]
[EventDate "2024.12.27"]
[EventType "swiss"]
[EventRounds "5"]
[EventCountry "CAN"]

1. c4 Nf6 2. Nf3 e6 3. g3 d5 4. Bg2 d4 5. d3 Be7 6. O-O c5 7. b4 cxb4 8. a3 bxa3 9. Bxa3 Nc6 10. Nbd2 O-O 11. Qb3 Bxa3 12. Qxa3 e5 13. Rfb1 h6 14. Ne1 Qc7 15. Nc2 Be6 16. Nb4 Qd7 17. Nxc6 bxc6 18. Qc5 Qc7 19. Ra6 Rab8 20. Rb5 Rb6 21. Raxb6 axb6 22. Qxc6 Qxc6 23. Bxc6 Nd7 24. f4 exf4 25. gxf4 Nc5 26. Rxb6 Bg4 27. Bf3 f5 28. Kf2 Re8 29. Rb5 Ne6 30. Re5 g6 31. Bd5 Kf7 32. Nb3 Kf6 33. Rxe6+ Rxe6 34. Bxe6 Kxe6 35. Nxd4+ Kd6 36. Nf3 Bh5 37. Ke3 Kc5 38. h3 Kd6 39. h4 Ke6 40. d4 Kd6 41. Ne5 Ke6 42. d5+ Kd6 43. Kd4 Bxe2 44. Nxg6 1-0

[Event "Pere Noel"]
[Site "Montreal CAN"]
[Date "2024.12.29"]
[Round "4.2"]
[White "Wang, Derek"]
[Black "Lesiege, Alexandre"]
[Result "0-1"]
[WhiteElo "2190"]
[BlackElo "2577"]
[WhiteFideId "-1"]
[WhiteFideId "-1"]
[PlyCount "94"]
[GameId "2134670947424203"]
[EventDate "2024.12.27"]
[EventType "swiss"]
[EventRounds "5"]
[EventCountry "CAN"]

1. Nf3 d5 2. d4 Nf6 3. c4 e6 4. cxd5 exd5 5. Nc3 c6 6. Bg5 h6 7. Bh4 Bf5 8. e3 Nbd7 9. Bd3 Bxd3 10. Qxd3 Be7 11. O-O O-O 12. Nd2 Re8 13. f3 Nf8 14. Rae1 Ng6 15. Bf2 Bd6 16. Kh1 a6 17. Qf5 Qb6 18. Qc2 Qc7 19. Bg1 c5 20. dxc5 Qxc5 21. e4 Qc7 22. Qb3 Bf4 23. Rd1 Bxd2 24. Rxd2 dxe4 25. fxe4 Nxe4 26. Nxe4 Rxe4 27. Bb6 Qe7 28. Rdf2 Rb4 29. Qe3 Qxe3 30. Bxe3 Re4 31. Bd2 Rd8 32. Bc3 f6 33. g3 h5 34. Kg2 Kf7 35. Rf5 Ne7 36. Rxh5 Nd5 37. Rf2 Kg6 38. Rh3 Nxc3 39. bxc3 Rc8 40. Rc2 b5 41. Rh4 Rxh4 42. gxh4 Rc4 43. Kg3 b4 44. Kg2 bxc3 45. a4 a5 46. h3 Kh5 47. Kg3 Rc5 0-1

[Event "Pere Noel"]
[Site "Montreal CAN"]
[Date "2024.12.30"]
[Round "5.1"]
[White "Lesiege, Alexandre"]
[Black "Duong, Thanh Nha"]
[Result "1/2-1/2"]
[WhiteElo "2577"]
[BlackElo "2311"]
[WhiteFideId "-1"]
[WhiteFideId "-1"]
[PlyCount "107"]
[GameId "2135182391235061"]
[EventDate "2024.12.27"]
[EventType "swiss"]
[EventRounds "5"]
[EventCountry "CAN"]

1. c4 e5 2. g3 d6 3. Bg2 f5 4. Nc3 Nf6 5. d4 Nbd7 6. Nf3 e4 7. Ng5 Nb6 8. O-O h6 9. Nh3 g5 10. f3 exf3 11. exf3 Bg7 12. Re1+ Kf7 13. Qb3 Kg6 14. f4 g4 15. Nf2 h5 16. c5 Nbd7 17. cxd6 cxd6 18. Bd2 Nb6 19. d5 Nbd7 20. Nb5 Nc5 21. Qa3 Ne8 22. Bc3 Qb6 23. Bxg7 Nxg7 24. b4 Ne4 25. Bxe4 Qxb5 26. Bd3 Qxd5 27. Rad1 Qf7 28. Bf1 Rd8 29. b5 Qf6 30. Bg2 a6 31. Rd2 Rb8 32. b6 Be6 33. Rxd6 Rxd6 34. Qxd6 Rd8 35. Qc5 Qd4 36. Qxd4 Rxd4 37. a3 Rd6 38. Rb1 Bc8 39. a4 a5 40. Rb5 Ne6 41. Rxa5 Rxb6 42. Nd3 Nd4 43. Rd5 Nc6 44. Rd6+ Kg7 45. Bxc6 bxc6 46. Ne5 Bb7 47. Kf2 Rb2+ 48. Ke3 c5 49. a5 Be4 50. a6 Rxh2 51. a7 Rg2 52. Rg6+ Kh7 53. Ra6 Rxg3+ 54. Kf2 1/2-1/2

[Event "Contrecoeur op"]
[Site "Contrecoeur CAN"]
[Date "2019.11.01"]
[Round "1.1"]
[White "Lesiege, Alexandre"]
[Black "Saha, Ananda"]
[Result "1-0"]
[WhiteElo "2514"]
[BlackElo "2026"]
[WhiteFideId "-1"]
[WhiteFideId "-1"]
[PlyCount "99"]
[GameId "2160767907703513"]
[EventDate "2019.11.02"]
[EventType "swiss"]
[EventRounds "5"]
[EventCountry "CAN"]

1. d4 e6 2. g3 Nf6 3. Bg2 d5 4. c4 Be7 5. Nf3 O-O 6. O-O c6 7. Nc3 Nbd7 8. Qd3 b6 9. e4 dxc4 10. Qxc4 Bb7 11. Rd1 Rc8 12. Qe2 b5 13. e5 Nd5 14. Nxd5 cxd5 15. Qxb5 Nb6 16. b3 Rc7 17. Bd2 Bc6 18. Qd3 Qb8 19. Bf1 Qb7 20. h4 Nc4 21. Bc1 Na3 22. Bxa3 Bxa3 23. Ng5 g6 24. Nf3 Rfc8 25. Nh2 Be8 26. Ng4 Qb4 27. Qe3 Qf8 28. h5 Rc3 29. Nf6+ Kh8 30. Qf4 h6 31. hxg6 fxg6 32. b4 g5 33. Qg4 Bf7 34. Bb5 Qe7 35. Kg2 Kg7 36. Bd3 Bxb4 37. Rab1 a5 38. Rb3 Rxb3 39. axb3 Rc3 40. Qh3 Qd8 41. Rh1 Qh8 42. Bh7 h5 43. Nxh5+ Kf8 44. Nf6 Qg7 45. Bb1 Rxb3 46. Qg4 Be7 47. Nxd5 Rxb1 48. Rxb1 exd5 49. Rb8+ Be8 50. Qh5 1-0

[Event "Contrecoeur op"]
[Site "Contrecoeur CAN"]
[Date "2019.11.02"]
[Round "2.1"]
[White "Chiku-Ratte, Olivier-Kenta"]
[Black "Lesiege, Alexandre"]
[Result "1/2-1/2"]
[WhiteElo "2382"]
[BlackElo "2514"]
[WhiteFideId "-1"]
[WhiteFideId "-1"]
[PlyCount "152"]
[GameId "2160767907703519"]
[EventDate "2019.11.02"]
[EventType "swiss"]
[EventRounds "5"]
[EventCountry "CAN"]

1. d4 d5 2. c4 dxc4 3. Nf3 Nf6 4. e3 e6 5. Bxc4 c5 6. O-O a6 7. Bb3 b5 8. a4 Bb7 9. axb5 axb5 10. Rxa8 Bxa8 11. dxc5 Nbd7 12. c6 Bxc6 13. Nd4 Qa8 14. Nxc6 Qxc6 15. Nc3 Be7 16. Ne2 O-O 17. Nd4 Qb6 18. Qe2 Nc5 19. Bc2 b4 20. Qc4 Qb7 21. Qb5 Qxb5 22. Nxb5 Rc8 23. Na7 Rc7 24. Nb5 Rc8 25. Na7 Rc7 26. Nb5 Rb7 27. Nd4 b3 28. Bd1 Nd5 29. Bd2 Bf6 30. Bf3 g6 31. Ra1 Bxd4 32. exd4 Nd3 33. Bxd5 exd5 34. Bc3 Nb4 35. Ra3 Na2 36. Bd2 Kg7 37. Kf1 Kf6 38. Ke2 h5 39. f3 Kf5 40. Ra5 Ke6 41. Ra6+ Kd7 42. Rf6 Ke8 43. Rc6 Kd7 44. Rc5 Ke6 45. g4 hxg4 46. fxg4 Nb4 47. h4 Nc2 48. Kd3 Nb4+ 49. Ke2 Nc2 50. Kd3 Nb4+ 51. Bxb4 Rxb4 52. Rc1 Kf6 53. Rc6+ Ke7 54. Rc8 Rb6 55. Rc7+ Ke6 56. h5 gxh5 57. gxh5 Rb8 58. Ke3 Rg8 59. Kf3 Rg1 60. Rb7 Rh1 61. h6 Kf6 62. Kg4 Rg1+ 63. Kf4 Rf1+ 64. Kg3 Kg6 65. Rxb3 Kxh6 66. Rb5 f5 67. Rxd5 Kg5 68. Rd8 f4+ 69. Kg2 Rb1 70. Kf3 Rxb2 71. Rd5+ Kf6 72. Kxf4 Ke6 73. Rh5 Kd6 74. Ke4 Re2+ 75. Kd3 Re1 76. Kc4 Rf1 1/2-1/2

[Event "Contrecoeur op"]
[Site "Contrecoeur CAN"]
[Date "2019.11.02"]
[Round "3.1"]
[White "Lesiege, Alexandre"]
[Black "Sambuev, Bator"]
[Result "1/2-1/2"]
[WhiteElo "2514"]
[BlackElo "2504"]
[WhiteFideId "-1"]
[WhiteFideId "-1"]
[PlyCount "83"]
[GameId "2160767907703527"]
[EventDate "2019.11.02"]
[EventType "swiss"]
[EventRounds "5"]
[EventCountry "CAN"]

1. c4 e5 2. Nc3 Nc6 3. g3 g6 4. Bg2 Bg7 5. Rb1 Nge7 6. b4 a6 7. e3 O-O 8. Nge2 Rb8 9. O-O d6 10. a4 a5 11. b5 Nb4 12. d3 Be6 13. e4 f5 14. f4 c6 15. Be3 exf4 16. Bxf4 h6 17. Qd2 g5 18. Be3 Qd7 19. h4 fxe4 20. Nxe4 gxh4 21. Bxh6 Nf5 22. Bxg7 Qxg7 23. Bh3 Nd4 24. Bxe6+ Nxe6 25. Nxd6 Nd4 26. Kh1 Nf3 27. Qe3 Qg4 28. Ng1 Nxg1 29. Kxg1 Nc2 30. Qe5 Nd4 31. Ne4 Nf3+ 32. Rxf3 Qxf3 33. Qg5+ Kh7 34. Qxh4+ Kg7 35. Qe7+ Qf7 36. Qe5+ Kg6 37. bxc6 bxc6 38. Qd6+ Kg7 39. Qe5+ Kg6 40. Qd6+ Kg7 41. Qe5+ Kg6 42. Qd6+ 1/2-1/2

[Event "Contrecoeur op"]
[Site "Contrecoeur CAN"]
[Date "2019.11.03"]
[Round "4.4"]
[White "Zhong, Kevin"]
[Black "Lesiege, Alexandre"]
[Result "1/2-1/2"]
[WhiteElo "2074"]
[BlackElo "2514"]
[WhiteFideId "-1"]
[WhiteFideId "-1"]
[PlyCount "68"]
[GameId "2160767907703537"]
[EventDate "2019.11.02"]
[EventType "swiss"]
[EventRounds "5"]
[EventCountry "CAN"]

1. e4 c5 2. Nc3 Nc6 3. g3 g6 4. Bg2 Bg7 5. d3 d6 6. Be3 Rb8 7. Rb1 b5 8. a3 a5 9. a4 b4 10. Nce2 b3 11. c3 Nf6 12. h3 c4 13. d4 e5 14. d5 Ne7 15. g4 Qc7 16. Ng3 Nd7 17. Bf1 Ba6 18. Qd2 Nc8 19. h4 Ncb6 20. Ra1 Nc5 21. Bxc5 Qxc5 22. h5 Kd7 23. Nf3 Kc7 24. Qg5 Nd7 25. Qd2 Rbf8 26. Bh3 Bc8 27. g5 h6 28. hxg6 fxg6 29. Nh4 hxg5 30. Nxg6 Rxh3 31. Rxh3 Rf7 32. Nh8 Rf8 33. Ng6 Rf7 34. Nh8 Rf8 1/2-1/2

[Event "Contrecoeur op"]
[Site "Contrecoeur CAN"]
[Date "2019.11.03"]
[Round "5.2"]
[White "Lesiege, Alexandre"]
[Black "Nunez-Painchaud, Raphael"]
[Result "1-0"]
[WhiteElo "2514"]
[BlackElo "2050"]
[WhiteFideId "-1"]
[WhiteFideId "-1"]
[PlyCount "45"]
[GameId "2160767907703543"]
[EventDate "2019.11.02"]
[EventType "swiss"]
[EventRounds "5"]
[EventCountry "CAN"]

1. d4 Nf6 2. c4 e6 3. Nf3 b6 4. g3 Bb7 5. Bg2 Bb4+ 6. Bd2 Be7 7. O-O O-O 8. Nc3 Ne4 9. d5 Nxd2 10. Qxd2 Bb4 11. Rac1 Qe7 12. a3 Bxc3 13. Rxc3 d6 14. Nd4 e5 15. Nf5 Qf6 16. e4 Nd7 17. f4 a5 18. g4 exf4 19. Qxf4 Rfe8 20. Rh3 Kh8 21. g5 Qe5 22. Qh4 Nf8 23. g6 1-0

[Event "Canada int. ch"]
[Site "Longueuil CAN"]
[Date "2019.10.11"]
[Round "1.3"]
[White "Chabot, Roland"]
[Black "Lesiege, Alexandre"]
[Result "0-1"]
[WhiteElo "2125"]
[BlackElo "2503"]
[WhiteFideId "-1"]
[WhiteFideId "-1"]
[PlyCount "74"]
[GameId "2160767907769490"]
[EventDate "2019.10.11"]
[EventType "swiss"]
[EventRounds "5"]
[EventCountry "CAN"]
[SourceTitle "hb 2019"]

1. d4 d5 2. Nf3 Nf6 3. g3 Bf5 4. Bg2 e6 5. O-O Be7 6. c4 O-O 7. Nc3 c6 8. Qb3 Qb6 9. c5 Qa6 10. Nh4 Bg4 11. f3 Bh5 12. e4 b6 13. cxb6 axb6 14. g4 Bg6 15. Nxg6 hxg6 16. Bg5 Re8 17. e5 Nfd7 18. Bxe7 Rxe7 19. f4 b5 20. Qb4 Re8 21. a4 Qb6 22. axb5 c5 23. dxc5 Nxc5 24. Qd4 Rxa1 25. Rxa1 Nbd7 26. Ra6 Rc8 27. Bxd5 exd5 28. Nxd5 Qd8 29. Rc6 Qh4 30. Qd1 Rd8 31. g5 Ne4 32. Rc2 Kf8 33. Nb6 Ke7 34. Nd5+ Kf8 35. Nb6 Qxf4 36. Nxd7+ Ke7 37. Rc6 Ke8 0-1

[Event "Canada int. ch"]
[Site "Longueuil CAN"]
[Date "2019.10.12"]
[Round "2.3"]
[White "Lesiege, Alexandre"]
[Black "Sasata, Robert"]
[Result "1-0"]
[WhiteElo "2503"]
[BlackElo "2212"]
[WhiteFideId "-1"]
[WhiteFideId "-1"]
[PlyCount "59"]
[GameId "2160767907769509"]
[EventDate "2019.10.11"]
[EventType "swiss"]
[EventRounds "5"]
[EventCountry "CAN"]

1. d4 Nf6 2. c4 e6 3. g3 d5 4. Bg2 dxc4 5. Nf3 c5 6. O-O Nc6 7. dxc5 Qxd1 8. Rxd1 Bxc5 9. Nbd2 c3 10. bxc3 O-O 11. Nb3 Be7 12. Nfd4 Bd7 13. Nb5 Rfd8 14. Be3 Ne5 15. a4 Bc6 16. Rxd8+ Bxd8 17. Bxa7 b6 18. a5 bxa5 19. Nxa5 Bxg2 20. Kxg2 Nd5 21. Nb3 Nc4 22. e4 Ne7 23. Bc5 Rc8 24. Na7 Ra8 25. Rd1 Ng6 26. Rd4 Nb2 27. Nb5 Bf6 28. Rd7 Ne5 29. Ra7 Rd8 30. f4 1-0

[Event "Canada int. ch"]
[Site "Longueuil CAN"]
[Date "2019.10.12"]
[Round "3.3"]
[White "Chiku-Ratte, Olivier-Kenta"]
[Black "Lesiege, Alexandre"]
[Result "0-1"]
[WhiteElo "2382"]
[BlackElo "2503"]
[WhiteFideId "-1"]
[WhiteFideId "-1"]
[PlyCount "124"]
[GameId "2160767907769532"]
[EventDate "2019.10.11"]
[EventType "swiss"]
[EventRounds "5"]
[EventCountry "CAN"]

1. d4 Nf6 2. c4 e6 3. Nf3 d5 4. Nc3 c5 5. cxd5 Nxd5 6. e4 Nxc3 7. bxc3 cxd4 8. cxd4 Bb4+ 9. Bd2 Bxd2+ 10. Qxd2 O-O 11. Bc4 Nd7 12. O-O b6 13. Rfe1 Bb7 14. Rad1 Nf6 15. Qf4 Rc8 16. Bd3 Re8 17. d5 e5 18. Qg5 h6 19. Qd2 Rc5 20. Qb2 Qd6 21. Qa3 Bc8 22. h3 Bd7 23. Qb2 Ra5 24. Nd2 Qa3 25. Qxa3 Rxa3 26. Bb1 Rc3 27. Rc1 Rxc1 28. Rxc1 Rc8 29. Rxc8+ Bxc8 30. Nc4 Nd7 31. Bd3 Bb7 32. g3 Nc5 33. Bc2 f6 34. Kg2 Kf8 35. Kf3 Ba6 36. Nd2 Ke7 37. Ke3 Kd6 38. f4 b5 39. a3 Bc8 40. fxe5+ fxe5 41. h4 a5 42. Bd1 Bd7 43. Be2 a4 44. Bd1 Nb7 45. Kd3 Kc5 46. Kc3 Nd6 47. Be2 Bh3 48. Bf3 g5 49. hxg5 hxg5 50. Bh5 Bg2 51. Bg6 g4 52. Bh7 Ne8 53. Bf5 Nf6 54. Kd3 Bf3 55. Nxf3 gxf3 56. Bh3 f2 57. Ke3 b4 58. axb4+ Kxb4 59. d6 a3 60. g4 a2 61. g5 a1=Q 62. gxf6 Qe1+ 0-1

[Event "Canada int. ch"]
[Site "Longueuil CAN"]
[Date "2019.10.13"]
[Round "4"]
[White "Lesiege, Alexandre"]
[Black "Roussel-Roozmon, Thomas"]
[Result "1/2-1/2"]
[WhiteElo "2559"]
[BlackElo "2498"]
[WhiteFideId "-1"]
[WhiteFideId "-1"]
[PlyCount "102"]
[GameId "2160767907769551"]
[EventDate "2019.10.11"]
[EventType "swiss"]
[EventRounds "5"]
[EventCountry "CAN"]
[SourceTitle "CBM 192 Extra"]
[Source "Chessbase"]
[SourceDate "2019.11.06"]
[SourceVersion "1"]
[SourceVersionDate "2019.11.06"]
[SourceQuality "1"]

1. d4 d5 2. Bf4 Nf6 3. e3 c5 4. c3 Nc6 5. Nd2 Bf5 6. Ngf3 e6 7. Qb3 Qb6 8. Nh4 Bg6 9. Nxg6 hxg6 10. Qxb6 axb6 11. Bc7 Nd7 12. Bb5 Rc8 13. Bg3 Be7 14. O-O cxd4 15. cxd4 Bh4 16. Bf4 Ke7 17. Nf3 Bf6 18. g4 g5 19. Nxg5 e5 20. dxe5 Ndxe5 21. Rad1 Nxg4 22. Rxd5 Rhd8 23. Rxd8 Rxd8 24. h3 Nge5 25. Ne4 Nf3+ 26. Kg2 Nd2 27. Nxd2 Rxd2 28. a4 Rxb2 29. Bc7 Na7 30. Bd3 Nc6 31. Rb1 Rd2 32. Be4 Bh4 33. Bg3 Bxg3 34. Kxg3 Kd6 35. Rxb6 Kc7 36. Rb5 b6 37. Rh5 g6 38. Rh7 Rd7 39. Kf4 Kd6 40. Bxc6 Kxc6 41. Kg5 Rd5+ 42. Kf6 Rf5+ 43. Ke7 Rxf2 44. Rxf7 Ra2 45. e4 Rxa4 46. e5 Kd5 47. e6 Ke5 48. Kd7 Rd4+ 49. Ke7 Ra4 50. Kd7 Kd4 51. Kd8 Ke4 1/2-1/2

[Event "Canada int. ch"]
[Site "Longueuil CAN"]
[Date "2019.10.13"]
[Round "5"]
[White "Sambuev, Bator"]
[Black "Lesiege, Alexandre"]
[Result "0-1"]
[WhiteElo "2587"]
[BlackElo "2559"]
[WhiteFideId "-1"]
[WhiteFideId "-1"]
[PlyCount "77"]
[GameId "2160767907769577"]
[EventDate "2019.10.11"]
[EventType "swiss"]
[EventRounds "5"]
[EventCountry "CAN"]
[SourceTitle "CBM 192 Extra"]
[Source "Chessbase"]
[SourceDate "2019.11.06"]
[SourceVersion "1"]
[SourceVersionDate "2019.11.06"]
[SourceQuality "1"]

1. g3 d5 2. Bg2 g6 3. f4 Bg7 4. Nf3 Nf6 5. O-O O-O 6. d3 b6 7. Nh4 e6 8. c4 Bb7 9. Nc3 c5 10. Bd2 Nc6 11. cxd5 Nxd5 12. Nxd5 exd5 13. Bc3 d4 14. Bd2 Qd7 15. f5 Rfe8 16. h3 Be5 17. fxg6 hxg6 18. Qb3 Re6 19. Bd5 Nd8 20. Bxb7 Nxb7 21. Rf3 Rf6 22. Kg2 Re8 23. Raf1 Kg7 24. R1f2 Rh8 25. a4 Rxf3 26. Rxf3 Bf6 27. Be1 Nd6 28. a5 g5 29. axb6 axb6 30. Qxb6 gxh4 31. Qxc5 Re8 32. g4 Rxe2+ 33. Bf2 Qe6 34. g5 Be5 35. Kf1 Rxb2 36. Bxd4 Rb5 37. Qc3 Nf5 38. Bxe5+ Qxe5 39. Kg2 0-1